Normale Ansicht MARC-Ansicht ISBD

Nemeckie chutora Prikam'ja : (Titelsatznr. 18264)

[ MARC ]
MARC-Details
000 -Satzkennung
Kontrollfeld mit fester Länge 00801nam a22002531c 4500
001 - Kontrollnummer
Kontrollfeld a987664190
008 - Feld mit fester Länge zur physischen Beschreibung - Allgemeine Angaben
Kontrollfeld mit fester Länge 090708s2008 gw |||| 000u ger d
041 ## - Sprachcode
Sprachcode des Textes/der Tonspur oder des separaten Titels ger
040 ## - Katalogisierungsquelle
Übertragungsstelle RU-10907106
003 - Kontrollnummer Identifier
Kontrollfeld RU-10907106
100 1# - Haupteintragung - Personenname
Personenname Vajman, Dmitrij I.
245 00 - Titel
Titel Nemeckie chutora Prikam'ja :
Zusatz zum Titel istorija i tradicionnaja kul'tura (XX - načalo XXI v.)
246 10 - Titelvarianten
Hauptsachtitel/Kurztitel Deutsche Einzelgehöfte der Prikamje Region : Geschichte und traditionelle Kultur im 20. und am Anfang des 21. Jahrhunderts
264 ## - Produktion, Veröffentlichung, Distribution, Herstellung und Urheberrechtsvermerk
Herstellungs-, Veröffentlichungs- Vertriebs-, Erzeugungsort Sankt-Peterburg :
Produzent, Herausgeber, Distributor, Hersteller Mamatov,
Datum der Herstellung, der Veröffentlichung, des Vertriebs oder des Urheberschutzvermerks 2008
300 ## - Physische Beschreibung
Umfang 224 S.
650 #0 - Nebeneintragung unter einem Schlagwort - Sachschlagwort
Sachschlagwort oder geografischer Name als Eintragungselement Deutsche
650 #0 - Nebeneintragung unter einem Schlagwort - Sachschlagwort
Sachschlagwort oder geografischer Name als Eintragungselement Landwirtschaft
651 #0 - Nebeneintragung unter einem Schlagwort - Geografischer Name
Geografischer Name Wolga
651 #0 - Nebeneintragung unter einem Schlagwort - Geografischer Name
Geografischer Name Kama
700 1# - Nebeneintragung - Personenname
Personenname Černych, Aleksandr V.
Funktionsbezeichnung VerfasserIn
710 2# - Nebeneintragung - Körperschaftsname
Körperschafts- oder Gebietskörperschaftsname als Eintragungselement RAN / Ural'skoe otdelenie
710 2# - Nebeneintragung - Körperschaftsname
Körperschafts- oder Gebietskörperschaftsname als Eintragungselement Permskij gos. univ.
942 ## - Zusätzliche Felder (Koha)
Koha-Medientyp Monographien
Exemplare
Ausgeschieden Verloren Klassifikation oder Aufstellungssystematik Beschädigt Nicht entleihbar Heimatbibliothek Aufenthaltsbibliothek Aufstellungsort Erwerbungsdatum Inventarnummer Signatur Barcode Letzte Aktivität Preis gültig von Koha-Medientyp
    Andere/Generische Klassifikation     MWN Osteuropa MWN Osteuropa Magazin - 2 08/07/2009 09-01829 R 60 o Deut 21 E004015078FBA8EB 22/02/2021 22/03/2021 Monographien